After the first death there is no other

Gardado en:
Detalles Bibliográficos
Autor Principal: Petersch, Natalie
Formato: Libro
Idioma:Undetermined
Publicado: Iowa, Estados Unidos University of Iowa Press 1974
Materias:
Etiquetas: Engadir etiqueta
Sen Etiquetas, Sexa o primeiro en etiquetar este rexistro!

MARC

LEADER 00000nam a2200000Ia 4500
008 170316s9999 xx 000 0 und d
040 |a cru BVZT 
090 |a 810 P-11a 
100 |a Petersch, Natalie 
245 |a After the first death there is no other 
260 |a Iowa, Estados Unidos 
260 |b University of Iowa Press 
260 |c 1974 
300 |a 197 páginas 
650 |a LITERATURA ESTADOUNIDENSE 
999 |c 6006  |d 6006 
942 |c 15 D  |h 810 P-11a  |2 z